Представление документа в формате RUSMARC

ПолеНазваниеЗначение
  Тип записи a
  Библиографический уровень m
001 Контрольный номер RU/SLIB/B/208762040
005 Дата корректировки 20201206204221.7
010 Индекс ISBN __
d Цена 3000-00
101 Язык документа __
a Язык текста rus
200 Заглавие и сведения об ответственности __
a Заглавие В чистом поле...
f Первые сведения об ответственности Е. И. Носов
b Общее обозначение материала Текст
210 Выходные данные __
a Место издания М.
c Издательство Известия
d Дата издания 1980
215 Физическое описание __
a Объем 622 с.
606 Тематические рубрики __
a Основная рубрика Художественная литература
606 Тематические рубрики __
a Основная рубрика Русская литература XX в. (произведения)
610 Ключевые слова __
a Ключевые слова повести; рассказы; писатели; проза
686 Индексы других классификаций __
a Классификационный индекс 84(2Рос=Рус)6-4; ст84(2Рос=Рус)6-4
700 Автор _1
a Фамилия Носов
b Имя Е. И.
4 Код отношения 070
801 Источник записи _0
a Страна RU
b Организация Муниципальное бюджетное учреждение культуры "Централизованная библиотечная система" г. Сургут (Центральная городская библиотека им. А. С. Пушкина)
g Правила каталогизации КиК/Елгина
801 Источник записи _1
a Страна RU
b Организация Муниципальное бюджетное учреждение культуры "Централизованная библиотечная система" г. Сургут (Центральная городская библиотека им. А. С. Пушкина)
g Правила каталогизации КиК/Елгина
852 Данные о местонахождении __
j Шифр хранения 84(2Рос=Рус)6-4
i Авторский знак Н 84
p Инвентарный номер 61581
901 Тип документа __
t Тип документа m
990 Данные о заказе (DOS) __
j Количество экземпляров (DOS) 2
t N записи в КСУ для И/У (DOS) ретро